| 000 | 00564nam a2200205 a 4500 | ||
|---|---|---|---|
| 001 | 1302 | ||
| 003 | CDMR | ||
| 005 | 20131018162151.0 | ||
| 008 | 130130s1974||||||||||||||||||||||||||||d | ||
| 020 | _a8423611795 | ||
| 040 |
_aCDMR _bcat _cCDMR |
||
| 100 | 1 |
_aTonello, Gianfranco _91016 |
|
| 245 | 1 | 0 |
_aFotocomposición _b: tratado teórico-práctico _cG. Tonello |
| 260 |
_aBarcelona _c1974 _bDon Bosco |
||
| 300 |
_a480 p. _bil. b/n |
||
| 490 | 0 | _aBiblioteca Profesional EPS | |
| 650 | 0 | 4 |
_94138 _aArts gràfiques _yS. XX |
| 650 | 0 | 4 |
_92796 _aImpremta |
| 942 |
_cMON _2udc |
||
| 999 |
_c1302 _d1302 |
||